1166 1052 1921 1655 1870 1147 1897 1065 1672 1897 1713 1082 1857 1182 1894 1110 1048 1128 1892 1654 1032 1346 1697 1408 1800 1711 1662 1147 1099 1142 1517 1053 1415 1534 1967 1067 1990 1929 1825 1053 1642 1136 1557 1824 1614 1650 1217 1696 1887 1939 1418 1853 1420 1092 1118 1869 1911 1065 1288 1124 1854 1032 1479 1703 1959 1218 1648 1785 1854 1312 1023 1733 1185 1402 1686 1375 1302 1610 1136 1145 1956 1471 1436 1671 1132 1261 1164 1090 1792 1824 1020 1016 1607 1102 1941 1838 1613 1499 1565 BCNSPRNW ULIB Ver.6.0+V

เปลี่ยนเป็นภาษาไทย

Change to English
 แสดงรายละเอียดบรรณานุกรม
  กลับหน้าหลัก

Brief Record : Get Marc (ISO 2709) : E-mail record : QR code < ปิดหน้าต่าง
LEADER : 00000nam 2200000uu 4500
001    13399112834
003     ULIB
008    110913s2549||||th 000 0 tha d
020    9789749424148
050  4 PE1130^bส698จ 2549
100 0  สำราญ
245 00 เจาะโครงสร้างประโยคภาษาอังกฤษ=^bEnglish sentence structure drills/^cสำราญ
246 31 English sentence structure drills
250    พิมพ์ครั้งที่ 1
260    กรุงเทพฯ:^bโรงเรียนกรุงเทพภาษา,^c2549
300    201 หน้า :^bภาพประกอบ
650  7 ภาษาอังกฤษ^xโครงสร้างประโยค
650  7 ภาษาอังกฤษ^xการใช้ภาษา
945    ^p160^l0^i24865
995    กัณชพร
999    ^aใช้งานได้ทุกระบบ
รายการนี้ยังไม่มีแท็ก
คุณยังไม่ได้ล็อกอิน คุณสามารถมีกิจกรรมร่วมกับเว็บไซต์ได้ แต่ต้องล็อกอินก่อน ::
  ล็อกอิน

รายการสื่อสารสนเทศ

ลำดับที่ ประเภท เลขเรียก/บาร์โค้ด สถานที่ สถานะ
1. วิทยาศาสตร์การแพทย์ และสุขภาพ
วิทยาศาสตร์การแพทย์ และสุขภาพ
สถานะ=หนังสือเก่า
PE1130 ส698จ 2549  
  Barcode: 24865
ห้องสมุดวิทยาเขตสวรรค์ประชารักษ์
►หนังสือทั่วไป
บนชั้น

รายการใกล้เคียง
    ผู้แต่ง [สำราญ]

    หัวเรื่อง [ภาษาอังกฤษ การใช้ภาษา]

BibComment


ยังไม่เคยถูกคอมเมนท์

คอมเมนท์ทรัพยากรรายการนี้
  คอมเมนท์: เจาะโครงสร้างประโ..


 Copyright 2026. Bcnsprnw @Library